书目信息 |
| 题名: |
高等数学
|
|
| 作者: | 沙淑波 主编 | |
| 分册: | ||
| 出版信息: | 北京 人民出版社 2006.08 |
|
| 页数: | 254页 | |
| 开本: | 20cm | |
| 丛书名: | ||
| 单 册: | ||
| 中图分类: | O13 | |
| 科图分类: | ||
| 主题词: | 高等数学 | |
| 电子资源: | ||
| ISBN: | 7-01-005814-8 | |
| 000 | 00560nam0 2200217 45 | |
| 001 | 0957422736 | |
| 005 | 20091026155827.00 | |
| 010 | @a7-01-005814-8@dCNY20.00 | |
| 100 | @a20090515d2006 ekmy0 y0120 ea | |
| 102 | @aCN@b130000 | |
| 102 | @aCN@b110000 | |
| 105 | @ay z 000yy | |
| 200 | 1 | @a高等数学@f沙淑波主编@Fsha shu bo zhu bian |
| 210 | @a北京@c人民出版社@d2006.08 | |
| 215 | @a254页@d20cm | |
| 606 | 0 | @a高等数学 |
| 690 | @aO13@v4 | |
| 701 | 0 | @a沙淑波@Asha shu bo@4主编 |
| 801 | 0 | @aCN@c20091026 |
| 905 | @a10447@dO13@eX016 | |
| 906 | @d20@n3@r1 | |
| 高等数学/沙淑波主编.-北京:人民出版社,2006.08 |
| 254页;20cm |
| ISBN 7-01-005814-8:CNY20.00 |
| ● |
| 相关链接 |
|
|
|
正题名:高等数学
索取号:O13/X016
 
预约/预借
| 序号 | 登录号 | 条形码 | 馆藏地/架位号 | 状态 | 备注 |
| 1 | 656100 | 206561004 | 自科库401/401自科库 107排6列4层/ [索取号:O13/X016] | 在馆 | |
| 2 | 656101 | 206561013 | 自科库401/401自科库 107排6列4层/ [索取号:O13/X016] | 在馆 | |
| 3 | 656102 | 206561022 | 自科库401/401自科库 107排6列4层/ [索取号:O13/X016] | 在馆 |